|
|
|
|
| LEADER |
00000nkm a2200000 a 4500 |
| 001 |
vtls011912553 |
| 003 |
SK-MaSNL |
| 005 |
20260331211530.0 |
| 007 |
kf co |
| 008 |
231120s1974 xo g kuslo |
| 015 |
|
|
|a SNBG1974
|
| 035 |
|
|
|a urn:nbn:sk:snk-km00e9wi
|
| 035 |
|
|
|a urn:nbn:sk:snk-km43h9p
|
| 035 |
|
|
|a 76A938D2-52B1-4E2D-994F-BD414742D702
|
| 040 |
|
|
|a SNK
|b slo
|c SNK
|e AACR2
|
| 041 |
0 |
|
|a slo
|
| 043 |
|
|
|a e-xo---
|
| 044 |
|
|
|a xo
|c SK
|
| 072 |
|
7 |
|a 913
|x Regionálna geografia
|2 konspekt
|
| 080 |
|
|
|a 913(437.6)
|2 2011
|
| 080 |
|
|
|a 711.582
|2 2011
|
| 080 |
|
|
|a (084.121)
|2 2011
|
| 080 |
|
|
|a 725.945
|2 2011
|
| 080 |
|
|
|a 640.412
|2 2011
|
| 080 |
|
|
|a 725.1:339.372.2
|2 2011
|
| 100 |
1 |
|
|a Jurisa, Eugen,
|d 1908-1994
|4 pht
|9 7598
|
| 245 |
1 |
0 |
|a Dunajská Streda a okolie
|h grafika
|c foto: E. Jurisa
|
| 246 |
3 |
1 |
|a Šamorín
|b nová bytová výstavba : pomník
|
| 246 |
3 |
1 |
|a Čalovo - obchodný dom Centrum
|
| 246 |
3 |
1 |
|a Dunajská Streda - hotel Dunaj
|
| 260 |
|
|
|a Bratislava
|b ČTK-Pressfoto
|c 1974
|e Skalica
|f Grafobal
|
| 300 |
|
|
|a 1 pohľadnica (4 čiastkové pohľady)
|b farebná
|c 11 x 15 cm
|
| 500 |
|
|
|a Na pohľadnici sú uvedené tri rôzne lokality
|
| 520 |
8 |
|
|a Zobrazenie: Štyri čiastkové pohľady, každý v žltom orámovaní. Pohľad na sídlisko. Pohľad na pomník. Pohľad na Hotel Dunaj. Pohľad na obchodné centrum
|
| 650 |
0 |
7 |
|a sídliská
|2 SNKPH
|9 26585
|
| 650 |
0 |
7 |
|a pomníky
|2 SNKPH
|9 3013
|
| 650 |
0 |
7 |
|a hotely
|2 SNKPH
|9 18422
|
| 650 |
0 |
7 |
|a obchodné domy
|2 SNKPH
|9 3005
|
| 651 |
|
7 |
|a Dunajská Streda (Slovensko)
|2 SNKPHgeo
|9 17375
|
| 651 |
|
7 |
|a Dunajská Streda (Slovensko : okres)
|2 SNKPHgeo
|9 145813
|
| 651 |
|
7 |
|a Veľký Meder (Slovensko)
|2 SNKPHgeo
|9 19224
|
| 651 |
|
7 |
|a Šamorín (Slovensko)
|2 SNKPHgeo
|9 28925
|
| 655 |
|
7 |
|a miestne pohľadnice
|2 SNKPH
|9 70510
|
| 852 |
|
|
|a Slovenská národná knižnica
|
| 954 |
|
|
|a pohľadnice pôvodné (slovenské)
|2 lita
|
| 958 |
|
|
|a GBN
|
| 958 |
|
|
|a GC
|
| 958 |
|
|
|a OND
|
| 958 |
|
|
|a EUIPO
|
| 999 |
|
|
|c 864613
|d 866543
|
| 952 |
|
|
|a SNK
|b SNK
|y PREZ
|7 0
|p 17A1381771
|o snkSP 71603
|0 0
|1 0
|4 0
|d 2020-01-22
|f 1
|l 0
|r 2026-02-24 05:23:17
|w 2026-02-24
|